000 00260nam a2200097Ia 4500
008 231107s2000 xx 000 0 und d
041 _aeng
100 _aWilliam. J
245 _aLandscape Architecture Architect
260 _aWashington
_bAmerican Society of
_c2000
999 _c923062
_d923062